000 00800nam a22002177a 4500
005 20231212113423.0
010 _aENG-138004
020 _a9789390434794
_c425.00
035 _aEN-121536
037 _bDBAD/PUB
082 _a588
_2First 2021
100 _aBariah, Debahooti
_959775
245 _aArchegoniate:
_cBy Debahooti Bariah and Phatik Tamuli
_bA Textbook for UG and Pg Students/
250 _aFirst 2021
260 _aAssam
_bEBH Publishers (India)
_c2021
270 _bAssam
_a136, M.L. Nehru Road, Panbazar, Guwahati
_e781001
_k+913612513876
_k+913612519231
_k9207045352
_l+913612519231
_measternbookhouse@gmail.com
300 _a250p.
_c24cm(pbk)
_bindex
500 _aA Textbook For UG and PG Students
700 _aTamuli, Phatik
_956695
942 _2ddc
_cEN
_h588
_mBAR
999 _c198183
_d198183